| 000 | 00554nam a2200217Ia 4500 | ||
|---|---|---|---|
| 008 | 170918s9999 xx 000 0 und d | ||
| 020 | _a9780439689007 | ||
| 050 | _bF631 2004 | ||
| 100 | _aFlood, Walt | ||
| 245 | 4 | _aThe tricky rabbit : | |
| 245 | _bAfrican-American trickster tales / | ||
| 245 | _cWalt Flood ; illustrated by Nathan Jurevicius. | ||
| 260 | _aNew York : | ||
| 260 | _bScholastic, | ||
| 260 | _c2004 | ||
| 300 | _a30 pages : | ||
| 300 | _bcolored illustration ; | ||
| 300 | _c19cm. | ||
| 440 | _aRead 180. | ||
| 500 | _a540 | ||
| 999 |
_c342563 _d342563 |
||